[Event "Russian Cup"]
[Site " Serpukhov "]
[Date "2007.11.13"]
[Round "5.1"]
[White "Zvjaginsev, Vadim"]
[Black "Tomashevsky, Evgeny"]
[Result "1-0"]
[WhiteElo "2674"]
[BlackElo "2646"]
[Annotator "Lebedev, Vasilii"]
[PlyCount "45"]
[EventDate "2007.11.13"]
[Source "ChessZone.org"]
[SourceDate "2007.12.01"]

1. e4 e5 2. f4 $1 {Äèàãðàììà # Âîò ýòî äà! Àé äà Âàäèì!} exf4 3. Nf3 d6 {
Çàùèòà Ôèøåðà.} ({Â Ìåãàáàçå óäàëîñü îáíàðóæèòü åù¸ îäíó ïàðòèþ Çâÿãèíöåâà
(áåëûìè) â êîðîëåâñêîì ãàìáèòå. Ñèìïàòè÷íóþ...} 3... d5 4. exd5 Qxd5 5. d4
Nf6 6. Bxf4 Qe4+ 7. Qe2 Qxe2+ 8. Bxe2 Nd5 9. Bd2 Be7 10. O-O c6 11. c4 Nf6 12.
Nc3 O-O 13. Bd3 Rd8 14. Rae1 Be6 15. Ne2 Nbd7 16. Nf4 Nf8 17. Bc3 Bd6 18. Nxe6
Nxe6 19. Bf5 Nc7 20. Ba5 Nfe8 21. Ng5 g6 22. Bh3 b6 23. Bc3 f6 24. Ne6 Nxe6 25.
Bxe6+ Kg7 26. g4 h6 27. Kg2 a5 28. d5 c5 29. h4 g5 30. hxg5 hxg5 31. Bf5 Nc7
32. Bc2 Rf8 33. Rf5 Rae8 34. Rxg5+ Kf7 35. Bg6+ Kg8 36. Bxf6 {
(1-0 Zvjaginsev,V (2658) - Wang Hao (2624)/Taiyuan CHN 2007).}) 4. d4 $1 {
«Òîëüêî ýòîò õîä îñòàâëÿåò áåëûì øàíñû íà ïîëó÷åíèå äåáþòíîãî ïðåèìóùåñòâà».
(È. Ãëàçêîâ, ß, Ýñòðèí, «Êîðîëåâñêèé ãàìáèò», 1988).} g5 ({Åñëè} 4... Nf6 5.
Nc3 Nh5 {, òî ïî÷åìó-òî òîëüêî â 1-é ïàðòèè âñòðåòèëîñü âïîëíå î÷åâèäíîå} 6.
Nd5 $1 g5 $140 7. Nxg5 $1 Qxg5 8. Qxh5 $3 Qxh5 9. Nf6+ Kd8 10. Nxh5 $16) 5. Nc3
$1 {Äèàãðàììà #} ({
Îñíîâíàÿ òåîðèÿ ñòðîèëàñü íà ýêñòðàâàãàíòíîì (ÈÌÕÎ) ïðîäîëæåíèè} 5. h4 g4 6.
Ng1 {, è áåëûå êîíü èä¸ò íà f4 ÷åðåç å2.} ({íà} 6. Ng5 {
òåîðåòè÷åñêèå ðóêîâîäñòâà ñîâåòóþò} f6 $1 ({ñëàáåå} 6... h6 7. Nxf7 $1 {
, è áåëûå ïîëó÷àþò âûãîäíóþ ðåäàêöèþ ãàìáèòà Àëüãàéìåðà}))) 5... Nc6 ({Íà} 
5... g4 {ÿ äóìàþ, ÷òî ïîñëåäîâàëî áû} 6. Bxf4 gxf3 7. Qxf3 {
óâåðåí, ÷òî ñ êîìïåíñàöèåé!}) ({À â ñëó÷àå «òåîðåòè÷åñêîãî»} 5... Bg7 {
ÿ áû ïîäóìàë î} 6. Bb5+ $5 c6 $140 7. Bc4 g4 8. Bxf4 $1 gxf3 9. Qxf3 {
(è ñëåäóþùèé âàðèàíò ëèøü èëëþñòðàöèÿ -} Bxd4 $2 10. O-O-O (10. Be5 $5) 10...
Qf6 (10... Bxc3 11. Rxd6 $1) 11. Rxd4 $1 Qxd4 12. Bxf7+ $1 Ke7 13. Rd1 $18 {).}
) 6. g3 $5 {Íîðìàëüíûé ÷åëîâå÷åñêèé õîä. Íà áîëüøóþ èãðó. À Çâÿãèíöåâ, êàê
èçâåñòíî, äðóãèõ â äåáþòå è íå äåëàåò. ;)} ({
À âîò ïðèçíàþùàÿ òîëüêî êîíêðåòèêó Rybka ñîâåòóåò çàíÿòüñÿ àíòèïîçèöèîíùèíîé -
} 6. d5 $5 Ne5 (6... g4 7. dxc6 bxc6 8. Bxf4 $1 ({ôèãóðó ñîõðàíÿòü îïàñíî -} 8.
Nd4 Qh4+ 9. Kd2 Qf2+ 10. Nce2 Nf6) 8... gxf3 9. Qxf3 $14) (6... Nb8 7. Qd4 $16)
7. Bb5+ $1 Bd7 ({ñëàáî} 7... c6 8. dxc6 Nxc6 ({èëè} 8... bxc6 9. Nxe5 $16) 9.
Qd4 $1 $16) 8. Bxd7+ {È âûÿñíÿåòñÿ, ÷òî íàäî áèòü çäåñü êîðîë¸ì...} Kxd7 (8...
Qxd7 9. Nxg5) (8... Nxd7 9. h4) 9. h4 $36 {Îêàçûâàåòñÿ áûëà è òàêàÿ ïàðòèÿ.}
Ng6 10. Nxg5 Ke8 11. Qd4 Nf6 12. h5 Ne5 13. Bxf4 Nfd7 14. O-O-O {, è íå çíàþ,
êàê áåëûå ñìîãëè òóò ïðîèãðàòü - 0-1 Zeller,F (2457) - Kortschnoj,V (2596)/
Switzerland 2006 (61).}) 6... g4 $146 ({
Â áàçå íàøëàñü òîëüêî îäíà, íå âïîëíå ñåðü¸çíàÿ, ïàðòèÿ} 6... f5 $2 7. d5 $16
Ne5 8. Nxe5 dxe5 9. Qh5+ Kd7 $2 (9... Ke7 10. Qxg5+ Nf6 11. Be2 $1 Rg8 12. Qh4
$40) 10. Bb5+ c6 11. dxc6+ bxc6 12. Bxf4 $1 $18 Qf6 13. Bxc6+ $1 Qxc6 (13...
Kxc6 14. Qe8+ Kb7 15. Bxe5 {è ò.ä.}) 14. Qxg5 $2 {Óïñ!} (14. Qf7+ Be7 15.
O-O-O+ Kc7 16. Bxe5+ {è ò.ä.}) 14... Ne7 $4 (14... exf4 $1 15. Qxf5+ Ke8 16.
Qh5+ Qg6 $13) 15. Bxe5 {1-0 Cabrera,A (2407)-Kostov,A/Manizales 1999/EXT 2002})
7. Nh4 {Äèàãðàììà #} ({Äóìàåòñÿ, ÷òî ëþáîïûòíî è} 7. d5 $5 {
È äàæå, áûòü ìîæåò, ýòîò õîä òðåáóåò ïðàêòè÷åñêîé îáêàòêè.}) 7... f3 8. Be3
$44 {À âîò çäåñü ÿ íà ïðàâîìî÷íîñòü ïðèìåíåíèÿ ýòîãî «èíôîðìàòîðñêîãî»
çíà÷êà î÷åíü íàäåþñü...} Nge7 {Ïåðâîïðîõîäöàì âñåãäà òðóäíî.} ({
À åñëè ïî ïðîñòîìó? Ê ïðèìåðó,} 8... Be7 $5 {
È íåóæåëè ëó÷øåå çà áåëûõ çäåñü - ýòî} 9. Qd2 ({ñëàáî} 9. Nf5 Bxf5 10. exf5
Bg5 $17) 9... Bxh4 $140 10. gxh4 Qxh4+ 11. Bf2 Qh6 12. Qxh6 Nxh6 13. Nd5 Kd7
14. Nf6+ Ke6 15. Nd5 {, è ÷¸ðíûå, êàê ìû âèäèì, ìîãóò ñäåëàòü íè÷üþ -} Kd7
16. Nf6+ Ke6 {è ò.ä.}) 9. h3 $1 Bg7 10. Qd2 {
Ïîçèöèÿ áåëûõ âñ¸ ïðèÿòíåå è ïðèÿòíåå...} d5 $1 {À èíîãî íå âèäíî!} (10... O-O
11. hxg4 {, è «êàòèò» àòàêà ïî ëèíèè «h».}) (10... h5 11. O-O-O {, è â 
êîðîòêóþ ñòîðîíó ÷¸ðíûå, õîòü è ìîãëè áû ðîêèðîâàòüñÿ, íî íå õîòÿò. À â äëèííóþ
- õîòåëè áû äà, â áëèæàéøåé ïåðñïåêòèâå, íå ìîãóò.} {(} O-O 12. hxg4 Bxg4 (
12... hxg4 13. Qh2) 13. Qf2 {è ò.ä.)}) 11. O-O-O {Äèàãðàììà #} dxe4 $6 {
Ýòî, âèäèìî, óæå ñåðü¸çíàÿ íåòî÷íîñòü. Íî ÷åãî-íèáóäü áîëåå-ìåíåå ïóòíîãî â
ãîëîâó íå ëåçåò.} ({Ðàçâå ÷òî ñëåäóþùèé êðåàòèâ -} 11... Be6 $5 {
, ñîáëàçíÿÿ ïðîòèâíèêà íà} 12. exd5 $140 $6 (12. Bh6 $142 $5) ({èëè} 12. hxg4
$5 Bxg4 13. Qf2 Qd7 14. Nxf3 {è ò.ä.}) 12... Nxd5 13. Nxd5 Qxd5 14. c4 Qd6 15.
d5 {È ñëåäóåò îñóùåñòâëåíèå ìå÷ò ÷¸ðíûõ:} O-O-O $1 16. dxc6 ({ñëàáî} 16. dxe6
Qe5 $1) 16... Qxc6 17. Bd3 ({èëè} 17. Qc2 Rxd1+ 18. Kxd1 ({íî íå} 18. Qxd1 f2
$1) 18... Qd6+ $44 {Êàê ìèíèìóì.}) 17... Bxc4 18. Bf5+ Be6+ 19. Qc2 Qxc2+ 20.
Bxc2 Rxd1+ 21. Rxd1 gxh3 $13) 12. d5 $5 {Äèàãðàììà #} ({
Áûòü ìîæåò, ÷¸ò÷å áûëî} 12. hxg4 $5 {, âñêðûâàÿ âñå ëèíèè, äî êîòîðûõ
óäàëîñü äîòÿíóòüñÿ. ;) È ÷¸ðíûå íå óñïåâàþò ïîñòàâèòü áëîê â öåíòðå -} Nd5 ({
à åñëè} 12... Bxg4 {, òî} 13. d5 Ne5 $140 ({èëè} 13... f2 14. dxc6 $5 Bxd1 15.
cxb7 Qxd2+ 16. Bxd2 Rb8 17. Nxd1 Rxb7 18. Be3 {ñ ëó÷øèìè ïåðñïåêòèâàìè ó áåëûõ
}) ({à åñëè} 13... Nb4 {, òî} 14. Bd4 $1 {«çåâàÿ»} Nxa2+ ({èëè} 14... f6 15.
Nxe4 {è ïîñëå} Nxa2+ {íèòî÷êó «ôîðñàæà» ìîæíî ïðîòÿíóòü î÷åíü äàëåêî:} 16.
Kb1 Qxd5 17. Bxf6 $1 Qxe4 18. Bxg7 Rg8 19. Re1 Qb4 20. c3 Qb6 21. Rxe7+ $1 {
ñ ðàçãðîìîì}) 15. Nxa2 Qxd5 16. Bxg7 Qxa2 17. b3 $1 $16) 14. Nxe4 $40 {
Ê ïðèìåðó.} Kf8 ({èëè} 14... f2 15. Bh6 $1 $40) ({èëè} 14... h6 15. Bf4 $1 $40
{, íå ìåíüøåé, ÷åì â ïðåäûäóùåì âàðèàíòå!}) 15. Bh6 $1 N7g6 (15... Rg8 16. Nf6
$1) 16. Bxg7+ Kxg7 17. Qh6+ $3 Kg8 18. d6 $1 c6 19. Nxg6 Nxg6 20. Bh3 {
ñ îãðîìíûì ïåðåâåñîì.}) 13. Nxe4 $40 {
, èìåþùåé âñå øàíñû ñòàòü ñîêðóøèòåëüíîé.}) 12... Ne5 13. Nxe4 {Öåíà â 
îäíó-åäèíñòâåííóþ ïåøå÷êó çà ÒÀÊÓÞ ïîçèöèþ îáû÷íî íàçûâàåòñÿ áðîñîâîé. Íî...} ({
...íå ïåðñïåêòèâíåå ëè áûëî} 13. Bh6 $5 Bxh6 $140 14. Qxh6 Qd6 {
(ãðîçèò ðàçìåí ôåðçåé íà h6)} 15. Qh5 {È êàæåòñÿ, ÷¸ðíûå ïî÷òè ÷òî â
öóãöâàíãå, ïî÷òè ÷òî â ïðåäðàçãðîìíîì ñîñòîÿíèè.. È äàæå «êîìïîâîå»} Ng8 $5
{íå äîëæíî òóò ñïàñàòü, èñõîäÿ èç ïðåäûäóùåé ëîãèêè áîðüáû.} ({èëè} 15... Nd7
16. Nxe4 Qe5 17. Ng5 Rf8 $140 18. d6 $1 cxd6 19. Bc4 $40) 16. Nb5 Qe7 17. Rd4
$1 {ñ ìîùíîé èíèöèàòèâîé.}) 13... f5 14. Bb5+ {Äèàãðàììà #} Bd7 $2 {
Êàê áû íå ðåøàþùàÿ îøèáêà.} ({
Íàäî áûëî îòêàçàòüñÿ îò ìå÷òû î ðîêèðîâêå â ïîëüçó áîëåå óïîðíîãî -} 14... Kf8
$1 {, ïîñëå ÷åãî, ïî êðàéíåé ìåðå, íå ïðîõîäèò ïðÿìîëèíåéíûé íàâàë -} 15. d6
fxe4 ({êîíå÷íî, ïëîõî} 15... cxd6 16. Nxd6 {è ò.ä.}) 16. dxe7+ Qxe7 17. Bg5
Bf6 18. Qf4 Kg7 ({â ñëó÷àå} 18... Kf7 19. Rhe1 $1 {
ñîâñåì ñêîðî ïðîèçîéä¸ò âñêðûòèå ÷¸ðíîé êîíñåðâíîé áàíêè â öåíòðå}) 19. Bh6+
Kf7 $1 ({è ñëàâà Êàèññå çà ñëåäóþùèé âàðèàíòèê -} 19... Kg8 $4 20. Rd8+ $3
Qxd8 21. Qxe5 $3 Bxe5 22. Bc4+ Be6 23. Bxe6# $1) 20. hxg4 Bxg4 21. Ba4 $1 $44 {
È òåïåðü ìàëåéøàÿ íåòî÷íîñòü ãðîçèò ìãíîâåííûì êðàõîì!} {Íàïðèìåð,} f2 $6 22.
Bb3+ Ke8 23. Nf5 Qc5 24. Nd6+ $1 cxd6 25. Qxf6 $18 {.}) 15. Bxd7+ $1 {
Ïðîñòî è âêóñíî!} ({Ñëîæíî è èíòåðåñíî} 15. Bh6 $5 {
, íî åñëè áåëûå çäåñü è ïîáåæäàþò, òî êàê ãîâîðèòñÿ, ÷åðåç òåðíèè:} Bxh6 16.
Nf6+ Kf7 17. Qxh6 Bxb5 {Èíà÷å çà ÷òî ñòðàäàåì?} (17... Ng8 18. Nxg8 Kxg8 19.
Bxd7 Qxd7 20. Qf6 $18 {, ê ïðèìåðó} Qd6 21. Qg5+ Kf7 22. Qh5+ Ng6 23. Nxf5 {
è ò.ä.}) 18. Nh5 Ke8 ({èëè} 18... Rg8 19. Qxh7+ Kf8 20. Nf4 $1) ({à åñëè} 18...
Qf8 {, òî} 19. Qe6+ Ke8 20. Qxe5 $18) 19. Ng7+ Kf7 20. Ne6 {
Êîíè, êîíè... ×óäî-êîíè!} Qg8 21. Nxc7 Bd7 22. Nxa8 Qxa8 23. hxg4 Nxg4 ({
ê ñ÷àñòüþ äëÿ áåëûõ, íåëüçÿ} 23... fxg4 {ââèäó} 24. Qf4+) 24. Qd6 Qd8 25.
Nxf3 {è ò.ä.}) 15... Nxd7 ({Íà} 15... Qxd7 {åñòü} 16. Nc5 Qd6 ({èëè} 16... Nc4
{ïîñëå ÷åãî íàäî îáíàðóæèòü ñëåäóþùåå} 17. Qb4 Bxb2+ 18. Kb1 Qd6 ({èëè} 18...
Nxd5 19. Qxc4 Nxe3 20. Qb3 $1 $18) 19. Qxc4 Qb6 20. Na4 $1 Qxe3 21. Nxb2 O-O-O
22. d6 $1 $18) 17. Ne6 Kf7 ({èëè} 17... Bf6 18. Bc5 Qd7 19. Rhe1 {
ñ íåâûíîñèìîé äëÿ ïðîòèâíèêà öåíòðàëèçàöèåé}) 18. Nxg7 Kxg7 19. Bd4 {
È ñâÿçêà ðåøàåò}) ({Íåëüçÿ, êîíå÷íî, è} 15... Kxd7 16. d6 $18) 16. Ng5 {
Äèàãðàììà #} Nf8 ({Íà êîâàðíîå} 16... Nb6 {
ëó÷øå âñåãî, ïî-ìîåìó, îòâåòèòü «öåíòðîâûì»} 17. Bd4 $1 ({à âîò} 17. Ne6 {
âåä¸ò ê íåíóæíûì ñëîæíîñòÿì -} Bxb2+ $1 18. Kb1 (18. Kxb2 $2 Nc4+) 18... Qd7
19. Bxb6 axb6 20. Kxb2 Qb5+ 21. Ka1 Qc4 22. c3 Ra3 {À ðàçâå îíî íàì íàäî?})
17... Bxd4 ({èëè} 17... Qxd5 18. Bxg7 Qxd2+ 19. Rxd2 Rg8 20. Bf6 $18) ({
íå ñïàñàåò è õèòðîå} 17... Bh6 $5 18. Bxh8 Nexd5 {èç-çà} 19. Nhxf3 $1 gxf3 20.
h4 {è ò.ä.}) 18. Qxd4 Rg8 19. Nxh7 {È îöåíêà ïîçèöèè ñîìíåíèé íå âûçûâàåò.})
17. Bc5 ({Áûë è äðóãîé (áîëåå ñëîæíûé, è áîëåå ýôôåêòíûé ïóòü)} 17. Rhe1 Qd7
18. Bc5 Bf6 $140 19. Bxe7 Bxe7 20. d6 $1 cxd6 ({èëè} 20... Qxd6 21. Rxe7+ Qxe7
22. Nxf5 $18) 21. Rxe7+ $1 Kxe7 (21... Qxe7 22. Nxf5 {è ò.ä.}) 22. Nxf5+ $1 Kd8
({èëè} 22... Qxf5 23. Qxd6+ Ke8 24. Re1+) 23. Nxd6 {è ñëåäóþùèé ïåðñîíàæ, ñ
êîòîðûì ïîçíàêîìèòñÿ ÷¸ðíûé êîðîëü, áóäåò íîñèòü «ãîðäîå» èìÿ Ðàçãðîì
Èâàíîâè÷ Ñîêðóøèòåëüíûé! ;)}) 17... Bf6 18. Rhe1 ({
Ìîæíî áûëî ïîïûòàòüñÿ ñâåðíóòü íà óêàçàííóþ äîðîæêó} 18. Bxe7 Bxe7 19. Rhe1
Qd7 20. d6 $1 {è ò.ä.}) 18... f2 ({Åñëè} 18... Qd7 {
, òî õî÷åøü-íå õî÷åøü, à áåëûì áû ïðèøëîñü èãðàòü} 19. Bxe7 Bxe7 20. d6 $1 {
è ò.ä.}) 19. Bxf2 ({
Â ïðèíöèïå, íà ïðåäûäóùèé õîä ÷¸ðíûõ ìîæíî áûëî è íå îáðàùàòü âíèìàíèÿ -} 19.
Bxe7 $1 fxe1=Q 20. Rxe1 Bxe7 21. Nxf5 Ng6 22. d6 $18) 19... Rg8 20. Ne6 Nxe6 (
20... Qd7 21. Nxc7+ $1 Qxc7 22. d6 {è ò.ä.}) 21. Rxe6 Kf7 {Äèàãðàììà #
Ïîçâîëÿÿ ïîñòàâèòü ýôôåêòíóþ òî÷êó, íî êàê õîðîøî ïîíÿòíî, ïîëîæåíèå ÷¸ðíûõ
óæå äàâíûì-äàâíî ÿâëÿåòñÿ  áåçíàä¸æíûì.} 22. Rxf6+ $1 Kxf6 23. Qh6+ {
, è ÷¸ðíûå ñäàëèñü.} ({Îáîñíîâàíèå} 23. Qh6+ Kf7 24. Qe6+ Ke8 25. Re1 Rf8 26.
Nxf5 Rf7 27. Qe5 {è ò.ä.}) 1-0

[Event "Chess Champions League"]
[Site "Vitoria Gasteiz, ESP"]
[Date "2007.11.13"]
[Round "9"]
[White "Kasimdzhanov, Rustam"]
[Black "Karpov, Anatoly"]
[Result "1-0"]
[WhiteElo "2690"]
[BlackElo "2670"]
[Annotator "Lebedev, Vasilii"]
[PlyCount "65"]
[EventDate "2007.11.13"]
[Source "ChessZone.org"]
[SourceDate "2007.12.01"]

{Íà ôîðóìå, ãäå íàðîä ïðèçâàë ìåíÿ îáðàòèòü ñâîå âíèìàíèå íà äàííûé ïîåäèíîê,
ÿ ïîíà÷àëó çàÿâèë, ÷òî ïàðòèÿ ýòà, õîòü è ýôôåêòíàÿ, íî ìíîãîîøèáî÷íàÿ.
Âûíóæäåí âçÿòü ñâîè ñëîâà îáðàòíî. Îøèáêà, ïðàâäà, î÷åíü ãðóáàÿ, çäåñü áûëà
òîëüêî îäíà...} 1. d4 Nf6 2. c4 e6 3. Nc3 Bb4 4. Qc2 d5 5. a3 Bxc3+ 6. Qxc3 Ne4
7. Qc2 c5 8. dxc5 Nc6 {Äèàãðàììà #} 9. cxd5 ({
À âàðèàíò-òî äîâîëüíî äðåâíèé! Èñòîê âñåãî -} 9. Nf3 Qa5+ 10. Bd2 Qxc5 11. e3
Nxd2 12. Nxd2 Bd7 13. b4 Qe7 14. Qb2 O-O 15. Be2 dxc4 16. Nxc4 b5 17. Ne5 Nxe5
18. Qxe5 a5 19. Bf3 Ra7 20. bxa5 Rc8 21. a6 Qc5 22. Qxc5 Rxc5 23. Bb7 Bc6 {
(1/2 Menchik,V - Winter,W/Ramsgate 1929).}) 9... exd5 {Èíòåðåñíûé ìîìåíò.} 10.
e3 {Äðóãèå ïóñòü èãðàþò òóò, ÷òî õîòÿò, à Ðóñòàì ïðåäïî÷èòàåò çäåñü
èñêëþ÷èòåëüíî ýòîò ñêðîìíûé õîä.} ({
Ïðàâäà, ýòè «äðóãèå» èíîãäà âûäàþò ñëåäóþùèå ïàðòèè} 10. Nf3 Bf5 11. b4 d4
(11... Ng3 12. Qb2 Nxh1 13. Qxg7 $36) 12. g4 $1 Bg6 13. Qb2 O-O 14. Bg2 Re8 15.
O-O Nc3 16. Re1 h5 17. g5 Be4 18. Bd2 Ne5 19. Bxc3 Bxf3 20. exf3 $1 dxc3 21.
Qxc3 Qxg5 22. f4 $1 Qxf4 23. Re4 {
(1-0 Ivanchuk,V (2750) - Anand,V (2779)/Monte Carlo MNC 2007).}) 10... Qa5+
$146 {Àíàòîëèé Åâãåíüåâè÷ ñðàçó áåð¸ò áûêà çà ðîãà.} ({
Ðàíåå ïðîòèâ Ðóñòàìà íåèçìåííî ïðîäîëæàëè} 10... Bf5 {
, ïîñëå ÷åãî, ñòîëü æå íåèçìåííî, ïîëó÷àëàñü íè÷üÿ.} 11. Bd3 Ne5 ({èëè} 
11... Qg5 12. f3 Qh4+ 13. Kf1 Ng3+ 14. hxg3 Bxd3+ 15. Qxd3 Qxh1 16. b4 O-O 17.
Bb2 Rfe8 18. Kf2 Qh6 19. Ne2 Ne5 20. Qb3 a5 21. Bxe5 Rxe5 22. Rd1 axb4 23. axb4
Qa6 24. f4 Ree8 25. Rxd5 Rad8 26. Rxd8 Rxd8 27. Nd4 h5 28. b5 Qa5 29. c6 bxc6
30. bxc6 g6 31. Qc2 Re8 32. Nf3 Qd5 33. Ne5 Ra8 34. c7 Rc8 35. g4 {
1/2 Kasimdzhanov,R (2683) - Aronian,L (2750)/Mainz GER 2007}) 12. Nf3 Nxd3+ 13.
Qxd3 Ng3 14. e4 Nxe4 15. O-O O-O 16. Qd4 Qf6 17. Qxf6 Nxf6 18. Nd4 Bg6 19. Bf4
Rfe8 20. f3 Nd7 21. Bd6 f6 22. Rfd1 a6 23. f4 Re4 24. Rac1 Nb8 25. Bxb8 Rxb8
26. g3 Be8 27. Rd2 Bd7 28. Kf2 Rc8 29. Rc3 h5 30. Rb3 Rxc5 31. Rxb7 Bg4 32. Nc2
Rc8 33. Ne3 d4 34. Nxg4 hxg4 35. Rb4 Kf7 36. Rbxd4 Rxd4 37. Rxd4 Rc2+ 38. Ke3
Rxb2 39. f5 Rxh2 40. Rxg4 Rg2 41. a4 a5 42. Kd4 g6 43. fxg6+ Kg7 44. Ke3 {
(1/2 Kasimdzhanov,R (2682) - Asrian,K (2634)/Vandoeuvre FRA 2007).}) 11. b4 $5
({È âîò ÷òî ìíå ïîäóìàëîñü. Åñëè áû áåëûìè ñåé÷àñ èãðàë Êàðïîâ, òî íàâåðíîå,
ïîñëåäîâàëî áû} 11. Bd2 {
, è ÷¸ðíûì ïðèøëîñü áû ïîêàçûâàòü ñâî¸ óìåíèå èãðàòü ñ «èçîëÿòîðîì»}) 11...
Nxb4 12. axb4 Qxa1 13. Bb5+ Kf8 ({Ïîñëå} 13... Bd7 {÷¸ðíûé êîðîëü
çàäåðæèâàëñÿ â öåíòðå, ÷òî, ðàçóìååòñÿ, áåçîïàñíîñòè åìó íå ãàðàíòèðîâàëî:}
14. Bxd7+ Kxd7 15. Ne2 {è ò.ä.}) 14. Ne2 {Äèàãðàììà # Øàõó ñ ñ3 ñ ïîñëåäóþùèì
ðàçìåíîì ôåðçåé âîñïðåïÿòñòâîâàòü æèçíåííî íåîáõîäèìî.} a5 $5 {
«Êîíòðèãðàòü» òàê ñðàçó!} ({À âîò íà ìîñêîâñêîì áëèöå Àíàòîëèé Åâãåíüåâè÷
ñëåãêà ïîäêîððåêòèðîâàë âàðèàíò -} 14... a6 $5 15. Bd3 Bd7 16. f3 ({ïëîõî} 16.
Bxe4 dxe4 17. Qxe4 $2 (17. O-O Qe5) 17... Bc6 $17) 16... Ba4 {
, è áåëûì ïðèøëîñü ìåíÿòü ôåðçåé... Ïîñëå ÷åãî ïîøëà ðàâíàÿ èãðà.} 17. Qb2
Qxb2 18. Bxb2 Ng5 19. Kd2 Rc8 20. Ra1 Bd7 21. Nf4 Bc6 22. Bf5 Re8 23. Ne2 Ne6
24. h4 h5 25. Be5 Rh6 26. Bd6+ Kg8 27. Bd3 Rd8 28. Be7 Re8 29. Bd6 Rd8 30. Be7
Re8 31. Bd6 {(1/2  Kasimdzhanov,R - Karpov,A/Moscow).}) 15. f3 {
Çà áåëûõ èíîãî ïëàíà ðàçâèòèÿ ïðåäëîæèòü íåëüçÿ.} Nf6 {
Îòíèìàÿ  ó ñâîåãî ôåðçÿ ïîëå f6...} ({Åñëè} 15... Ng5 $5 {, òî} 16. e4 Ne6 17.
O-O $1 ({ïîñëå} 17. exd5 {ìåíÿþòñÿ ôåðçè -} Nd4 18. Nxd4 Qxd4 19. Qc4 {
(âñ¸ îñòàëüíîå ÿâíî õóæå)} Qxc4 20. Bxc4 axb4 {è ò.ä.}) 17... axb4 $140 $2 ({
ïðàâèëüíî, âèäèìî,} 17... Nd4 18. Qd2 Nxb5 19. Bb2 Qa4 {
, âûíóæäàÿ áåëûõ äåëàòü íè÷üþ} 20. Bxg7+ $1 Kxg7 21. Qg5+ Kf8 22. Qd8+ Kg7
$11) 18. exd5 Nd4 ({ñëàáûé, êîíå÷íî, õîä; íî óæ î÷åíü çàõîòåëîñü ìíå
ïðèâåñòè âåñü ýòîò ïîáåäíûé âàðèàíò; ïðàâèëüíî, ðàçóìååòñÿ} 18... Qa5 19. Qc4
$44) 19. Qe4 $1 Nxb5 ({èëè} 19... Nxe2+ 20. Qxe2 Bf5 21. Re1 $40) 20. Bg5 f6
21. Rxa1 Rxa1+ 22. Kf2 fxg5 ({èëè} 22... Nc3 23. Qxb4 Nxe2 24. c6+ $1) 23. d6
$18 {È ÷¸ðíûå áåççàùèòíû! Ê ïðèìåðó,} h6 24. Qe7+ Kg8 25. Qe8+ Kh7 26. Qe4+
Kg8 27. Qc4+ Kh7 28. Qd3+ Kg8 29. Qxb5 {è ò.ä.}) 16. O-O {
È ÷¸ðíûì íàäî ñïàñàòü ôåðçÿ.} Qe5 ({Âòîðîé ïóòü -} 16... axb4 17. Bb2 b3 $5 {
«Ëîãè÷åñêè» îïðàâäûâàÿ ñâîé ïðåäûäóùèé õîä.} ({èëè} 17... Bf5 18. Qd2 Qa5
19. Ra1 Qd8 20. Rxa8 Qxa8 21. Qxb4 Kg8 {(÷óòü ëè íå åäèíñòâåííîå!)} 22. Qf4
$36 {, è áåëûå ñèëû, ïî ìîåìó, «çëîáíî ãíåòóò» ïðîòèâíèêà}) 18. Qxb3 Qa2 {
è ò .ä., È õîòÿ â ýòîì ñëó÷àå ôåðçü ÷¸ðíûõ îñòà¸òñÿ ïîêà íå ó äåë, âïîëíå
ìîæåò áûòü, ÷òî ýòî áûëî ñàìûé íàä¸æíîå ïðîäîëæåíèå. Íî 12-é ÷åìïèîí ìèðà
âîçâðàùàåò ñâîþ ñèëüíåéøóþ ôèãóðó â öåíòð.}) 17. e4 $1 {
Äèàãðàììà # Ïîçèöèÿ âñêðûâàåòñÿ è ëó÷øå ãîòîâû ê ýòîìó ÿâíî íå ÷¸ðíûå...}
dxe4 18. Bf4 Qf5 {Îñòàëüíûå îòõîäû ôåðçÿ åù¸ õóæå.} ({«Ê ïðèìåðó»,} 18... Qe7
$4 19. Bd6 {Øó÷ó, êîíå÷íî.}) ({À âîò ê} 18... Qe6 {ïîäîéä¸ì áîëåå ñåðü¸çíî -}
19. Rd1 $1 Bd7 ({åñëè} 19... Ne8 {, òî} 20. Rd8 {è ïîñëå} Ke7 {
áåëûå âûèãðûâàþò â äâà õîäà -} 21. Nd4 Qf6 22. Qd2 $1 $18) ({èëè} 19... Nd5
20. Nc3 Nxb4 21. Qd2 Nd3 22. Nxe4 $18) 20. Nd4 Qe8 21. c6 $1 {Òîëüêî âïåð¸ä!}
bxc6 22. Nxc6 Qe6 23. Rd6 Qe8 24. Qc5 Kg8 25. Rd1 $1 Bxc6 26. Bxc6 $18) ({
Åñëè æå} 18... Qh5 {, òî} 19. Ng3 Qg6 20. Rd1 Be6 {È ñíîâà} 21. c6 $1 bxc6 22.
Bxc6 Rc8 $140 23. Qc5+ Kg8 24. Bxe4 $1 $18 {È òåïåðü äàæå ìîæíî ïðèìåíèòü
ëþáèìûé «åñëèáûäàêàáèçì» âñåõ øàõìàòíûõ êîììåíòàòîðîâ. Äåéñòâèòåëüíî, åñëè
áû ÷¸ðíàÿ ëàäüÿ ñòîÿëà íå íà h8, à ñêàæåì, ê ïðèìåðó, íà f8...}) 19. g4 $1 {
Íè ñåêóíäû ïåðåäûøêè.} Qg6 $8 (19... Nxg4 20. fxg4 Qxg4+ 21. Ng3 $16) ({
Ñîâñåì ïëîõî} 19... Qe6 20. Bd6+ Kg8 21. Nf4 {- ôåðçü ïîéìàí!}) 20. Qd2 {
Ãðîçèò «áàíàëüíåéøåå» Qd8 ñ ìàòîì.} Be6 {Äèàãðàììà #} 21. Bb8 $1 {
Êðàñèâî, «øüîðò ïîáüåðè»!} Nd5 $4 {Åäèíñòâåííàÿ è ðåøàþùàÿ îøèáêà!} ({
Âî-ïåðâûõ, êàê ýòî è ïîëàãàåòñÿ, íàõîäèì íè÷üþ -} 21... Bd5 $1 22. Nf4 {
Âûáîðà ó áåëûõ, âèäèìî, íåò.} Qh6 $1 23. Nxd5 {
Äèàãðàììà # Ýôôåêòíî, íî âåä¸ò ëèøü ê âå÷íîìó øàõó.} Qxd2 24. Bd6+ Kg8 25.
Ne7+ Kf8 26. Nd5+ Kg8 $11) ({
Íàñêîëüêî óäàëîñü óñòàíîâèòü, ñîâñåì íå ê òîìó æå âåä¸ò} 21... Bd7 $1 {
À èìåííî -} 22. Nf4 Qh6 23. Bxd7 Nxd7 {È òåïåðü} 24. Bd6+ $1 ({íî íå} 24. Qxd7
Rxb8 25. fxe4 Re8 (25... axb4 26. Ne6+) 26. Qxb7 Qf6 $1 27. bxa5 $140 Qd4+ 28.
Rf2 Qd1+ 29. Rf1 Qd4+ $1 ({íî òîëüêî íå} 29... Qxg4+ {, èáî ïîñëå} 30. Kh1 Re7
31. Qa8+ $1 Re8 32. Qd5 {ó ÷¸ðíûõ ñåðü¸çíûå òðóäíîñòè. Íàïðèìåð,} Kg8 33. a6
h6 34. a7 Kh7 35. h3 Qg5 36. Qxg5 hxg5 37. Nd5 Rxe4 38. Nb6 Re3 39. Ra1 Rc3 40.
Ra5 {, ñîõðàíÿÿ ïåøêó ñ5 íà áóäóùåå.} Rxh3+ 41. Kg2 Rc3 42. a8=Q Rxa8 43. Nxa8
{, è, ïî-ìîåìó, ðèñêóþò òóò òîëüêî ÷¸ðíûå}) 30. Rf2 $11) 24... Kg8 {
Äèàãðàììà #} 25. Qd5 $36 {Íàïðèìåð,} Nf6 26. Qxb7 Re8 27. bxa5 exf3 28. Qxf3
Qg5 29. a6 h5 ({èëè} 29... Nxg4 30. h4 $1) 30. a7 Kh7 {È òåïåðü} 31. Qd3+ $1
Kg8 (31... g6 32. Ng2 $1 {, è êîíü íà f6 ïðîïàë!}) 32. Qf5 Qxf5 33. gxf5 Ra8
34. Ra1 $16 {, è ó áåëûõ íàãîòîâå âòîðîé âûäâèæåíåö â íîâûå ôåðçè.}) 22. Nf4 $1
$18 Qh6 (22... Nxf4 $4 23. Qd8#) 23. Nxe6+ Qxe6 ({Åñëè} 23... fxe6 {
, òî ðåøàåò âåñüìà èçÿùíîå} 24. fxe4+ Kg8 25. Bd7 $3 Qxd2 $140 $4 26. Bxe6#) 24.
Bd6+ Kg8 {Äèàãðàììà #} 25. Bc4 {Íó âîò è âñ¸. Ñîäåðæàòåëüíóþ ÷àñòü ïàðòèè
ìîæíî ñ÷èòàòü çàêîí÷åííîé. Äàëåå èä¸ò (íå áåç «ýôôåêòèíîê», êîíå÷íî)
äîáèâàíèå, ñèðå÷ü ðåàëèçàöèÿ.} exf3 26. Bxd5 Qxg4+ 27. Kh1 axb4 {Ëèøíèõ «ïåøåê»
 ó ÷¸ðíûõ âïîëíå äîñòàòî÷íî, íî... Âû òîëüêî ïîñìîòðèòå íà èõ
êîðîëåâñêóþ ëàäüþ!} 28. Bxf3 ({Ìîæíî è òàê:} 28. Rg1 Qf5 29. Qd4 g6 30. Be5 {
è ò.ä.}) ({Èëè} 28. Be5 {
ïîñëå ÷åãî êîðîëü ÷¸ðíûõ óïàêîâûâàåòñÿ «ïî ïîëíîé» -} Qg2+ 29. Qxg2 fxg2+
30. Kxg2 Rf8 {Âîò òàê ïîçèöèÿ!} 31. Bd6 $18) 28... Qc4 29. Qg2 h5 30. Bd5 Qg4
31. Bxf7+ Kh7 32. Qc2+ g6 {Äèàãðàììà #} 33. Bxg6+ $1 ({Ââèäó «âàðèàíòà»} 33.
Bxg6+ $1 Qxg6 ({èëè} 33... Kh6 34. Bf4+) 34. Rf7+ {è ò.ä., ÷¸ðíûå ñäàëèñü})
1-0